| 000 | 00697nam a2200205 a 4500 | ||
|---|---|---|---|
| 001 | 000025280 | ||
| 005 | 20240412074251.0 | ||
| 008 | 110214s1999 dr a 000 j spa d | ||
| 020 | _a8484002993 | ||
| 040 |
_aDO-SdBNP _bspa _cBNPHU |
||
| 082 |
_aRD863.44 _bV422c |
||
| 100 | 1 |
_aVega Guerra, Paula M. _951799 |
|
| 245 | 1 | 4 |
_aLos cuentos de adamanay : _brelatos de Bayahibe, Saona y Catuano / _cPaula M. Vega Guerra ; prólogo Francisco X. Geraldes. |
| 260 |
_aSanto Domingo : _bMamma, _c1999. |
||
| 300 |
_a69 p. : _bil. ; _c24 cm. |
||
| 650 | 4 |
_aCuentos dominicanos _xColecciones _9503 |
|
| 650 | 0 |
_aLiteratura dominicana. _967 |
|
| 700 | 1 |
_aGeraldes, Francisco X., _epról. _931272 |
|
| 049 | _aBNPD | ||
| 999 |
_c24773 _d24773 |
||